00368nam a2200121 a 450000500170000000800410001702000180005805000180007610000260009424500750012026000420019530000090023720140412111414.0070718s19uu xx 00 eng d a1-894363-16-7 aERbAm11 1999 aCroteau, Marie Daniel aThe amazing story of the little black sheep /cMarie Danielle Croteau. aCanada :bDominic and friends,c1999. aunp.